00000000nam 2200000zi 4500
0019.947084
003CaOODSP
00520250120084118
006m     o  d f      
007cr mn|||||||||
008250117t19921992quca    ob   f000 0 eng d
020 |a0660144069 |q(print)
040 |aCaOODSP|beng|erda|cCaOODSP
043 |an-cn---
0861 |aSC83-99/5000-1019E-PDF|zSC83-99/5000-1019E
1001 |aWoods, Howard B., |d1939- |eauthor.
24510|aRhythm & unstress / |cby Howard B. Woods.
24613|aRhythm and unstress
250 |aRevised edition.
264 1|a[Hull, Quebec] : |bPublic Service Commission of Canada = Commission de la fonction publique du Canada, |c[1992]
264 4|c©1992
300 |a1 online resource (28 pages) : |billustrations
336 |atext|btxt|2rdacontent
337 |acomputer|bc|2rdamedia
338 |aonline resource|bcr|2rdacarrier
500 |aDigitized edition from print [produced by Government of Canada Publications Directorate].
504 |aIncludes bibliographical references (page 26).
650 0|aEnglish language|xPhonology.
650 5|aEnglish language|vTextbooks for second language learners.
650 6|aAnglais (Langue)|xPhonologie.
650 6|aAnglais (Langue)|vManuels pour allophones.
655 7|aInstructional and educational works|2lcgft
655 7|aMatériel d'éducation et de formation|2rvmgf
7102 |aPublic Service Commission of Canada, |eissuing body.
7102 |aLanguage Training Canada, |eissuing body.
85640|qPDF|s2.35 MB|uhttps://publications.gc.ca/collections/collection_2025/cfp-psc/SC83-99-5000-1019-eng.pdf